A franchising közgazdasági és jogi megközelítésben

Elmentve itt :
Bibliográfiai részletek
Szerző: Csorba Roland
További közreműködők: Csécsy György (Témavezető)
Dokumentumtípus: Szakdolgozat
Megjelent: 1997
Tárgyszavak:
Online Access:http://diploma.bibl.u-szeged.hu/35365
LEADER 00558nta a2200157 i 4500
001 dipl35365
005 20130314094903.0
008 120201s1997 hu om 0|| zxx d
040 |a SZTE Diploma Repozitórium  |b hun 
041 |a zxx 
100 1 |a Csorba Roland 
245 1 2 |a A franchising közgazdasági és jogi megközelítésben  |h [elektronikus dokumentum] /  |c dr. Roland Csorba 
260 |c 1997 
650 4 |a Gazdaságtudományok 
700 1 |a Csécsy György  |e ths 
856 4 0 |u http://diploma.bibl.u-szeged.hu/id/eprint/35365/1/1997_dr_csorba_roland.pdf  |z Dokumentum-elérés